00823nam a2200193 a 450000100100000000500170001000800410002702000150006804000250008310000360010824501070014426000720025130000210032350400730034470000290041771000610044695201050050799900170061200004137120201002034830.0131001s1991 sp 000 0 spa d a8400071689 aDO-SdBNPbspacBNPHU1 aAldea Vaquero, Quintín96802210aEspaña y Europa en el siglo XVII :bcorrespondencia de Saabedra Fajardo /cQuintín Aldea Vaquero,. aMadrid :bConsejo Superior de Investigaciones Científicas,c1991. a631 p. ;c25 cm. aIncluye referencias bibliográficas y notas al pie de las páginas1 aFajardo, Saabedra9680232 aConsejo Superior de Investigaciones Científicas,94786 001050718MOaGRbGRcCTd2013-10-01iLF1l0o p41371-10r2020-06-25w2020-06-25y1ZNo se presta c40861d40861